000 00638nam a2200253Ia 4500
005 20260121155455.0
008 008 260114s9999 xx 000 0 eng d
020 _a9780429282737
037 _aEBOOK
040 _aCRL
040 _beng
040 _cCRL
041 _2eng
041 _aeng
084 _qCRL
100 _a El?bieta G¢rska
_91019933
245 0 _aUnderstanding Abstract Concepts across Modes in Multimodal Discourse
260 _bTaylor and Francis
260 _c2020
856 _uhttp://www.taylorfrancis.com/books/9780429282737
942 _cEBOOK
999 _c1586752
_d1586752